[Event "Reunion op 14th"]
[Site "St Denis"]
[Date "2012.10.13"]
[Round "9"]
[White "Han Yee Yu, Jerome"]
[Black "Romain, Juliane"]
[Result "1-0"]
[WhiteElo "1603"]
[BlackElo "1367"]
[PlyCount "65"]
[EventDate "2012.10.06"]
[EventType "swiss"]
[EventRounds "9"]
[EventCountry "RUF"]
[SourceTitle "EXT 2013"]
[Source "ChessBase"]
[SourceDate "2012.11.22"]
[SourceVersion "1"]
[SourceVersionDate "2012.11.22"]
[SourceQuality "1"]

1. e4 e5 2. Nf3 Nc6 3. Nc3 Bc5 4. d3 Nf6 5. Bg5 d6 6. Be2 Bg4 7. 0-0 h6 8. Bh4 g5 9. Bg3 Nd4 10. Nxd4 Bxd4 11. Bxg4 h5 12. Bxh5 Nxh5 13. Qf3 Bxc3 14. bxc3 Qf6 15. Qxf6 Nxf6 16. Rae1 0-0-0 17. f3 Nd7 18. d4 f6 19. dxe5 dxe5 20. Bf2 Rhf8 21. Be3 c6 22. g3 a6 23. Rd1 Rh8 24. Rd2 c5 25. Rfd1 c4 26. Rb1 Rh7 27. Rb4 Nb8 28. Rxc4+ Nc6 29. Rxd8+ Kxd8 30. Rc5 Rd7 31. Rd5 Rxd5 32. exd5 Na5 33. Bb6+ 1-0

[Event "Reunion op 14th"]
[Site "St Denis"]
[Date "2012.10.10"]
[Round "5"]
[White "Bah, Ismael"]
[Black "Han Yee Yu, Jerome"]
[Result "1/2-1/2"]
[WhiteElo "1768"]
[BlackElo "1603"]
[PlyCount "257"]
[EventDate "2012.10.06"]
[EventType "swiss"]
[EventRounds "9"]
[EventCountry "RUF"]
[SourceTitle "EXT 2013"]
[Source "ChessBase"]
[SourceDate "2012.11.22"]
[SourceVersion "1"]
[SourceVersionDate "2012.11.22"]
[SourceQuality "1"]

1. b3 Nf6 2. c4 g6 3. Bb2 Bg7 4. Nf3 0-0 5. d4 d5 6. cxd5 c5 7. dxc6 Nxc6 8. e3 Bf5 9. Bd3 Bxd3 10. Qxd3 e5 11. Qd2 exd4 12. Nxd4 Ne4 13. Qd3 Nxd4 14. Bxd4 Bxd4 15. Qxd4 Qxd4 16. exd4 Rfd8 17. f3 Nf6 18. 0-0 Rxd4 19. Na3 Rd5 20. Nc4 Kf8 21. Rfe1 Re8 22. Rxe8+ Nxe8 23. Rc1 Rc5 24. Re1 f6 25. Re2 Kf7 26. Kf2 b5 27. Nb2 Nc7 28. Nd3 Rd5 29. Nb4 Rd6 30. Rc2 Nd5 31. Nxd5 Rxd5 32. Rc7+ Ke6 33. Rxa7 Rd2+ 34. Kg3 Rb2 35. Rb7 Rxa2 36. Rxb5 Rb2 37. h4 h5 38. Rb6+ Kf7 39. b4 Ke7 40. b5 Rb4 41. Rb7+ Kd8 42. b6 f5 43. Rb8+ Kd7 44. b7 f4+ 45. Kh2 Rb6 46. Rf8 Rxb7 47. Rxf4 Ke7 48. Kg3 Rb6 49. Ra4 Kf6 50. Kf4 Rb2 51. Ra6+ Kf7 52. g3 Rf2 53. Ra4 Kf6 54. Ra1 Re2 55. Rf1 Rh2 56. Rg1 Rf2 57. Ke3 Ra2 58. Rd1 Rg2 59. Kf4 Rf2 60. Rh1 Rg2 61. Ra1 Rf2 62. Rh1 Rg2 63. Ke3 Ra2 64. Rf1 Rg2 65. Kf4 Rh2 66. Ra1 Rf2 67. Ra3 Rh2 68. Ra5 Rf2 69. Ke3 Rg2 70. Rg5 Ra2 71. Kf4 Ra4+ 72. Ke3 Ra3+ 73. Kf2 Ra2+ 74. Kg1 Ra1+ 75. Kh2 Ra2+ 76. Kh3 Ra3 77. Kg2 Ra2+ 78. Kf1 Ra3 79. Kf2 Ra2+ 80. Kg1 Ra1+ 81. Kh2 Ra2+ 82. Kh3 Ra3 83. f4 Rf3 84. Kg2 Ra3 85. f5 gxf5 86. Rxh5 Kg6 87. Rg5+ Kf6 88. Rg8 Rb3 89. Kh3 Rb1 90. Ra8 Rd1 91. Ra6+ Kg7 92. Kg2 Rd3 93. Ra1 Kg6 94. Rf1 Rc3 95. Rf3 Rc2+ 96. Kf1 Rc1+ 97. Ke2 Rg1 98. Ke3 Rg2 99. Kf4 Re2 100. Re3 Rf2+ 101. Rf3 Re2 102. Rf1 Rb2 103. h5+ Kxh5 104. Kxf5 Rb5+ 105. Kf4 Rb4+ 106. Kf3 Rb3+ 107. Kg2 Kg4 108. Rf4+ Kg5 109. Rc4 Ra3 110. Kh3 Rb3 111. Rc5+ Kg6 112. Kh4 Rb4+ 113. g4 Rf4 114. Rc6+ Rf6 115. Rxf6+ Kxf6 116. Kh5 Kg7 117. Kg5 Kh7 118. Kf6 Kg8 119. g5 Kf8 120. Kg6 Kg8 121. Kf5 Kf7 122. g6+ Kg7 123. Kg5 Kg8 124. Kg4 Kf8 125. Kg5 Kg8 126. Kf4 Kf8 127. Kg5 Kg8 128. Kh5 Kg7 129. Kg5 1/2-1/2

[Event "Reunion op 11th"]
[Site "St Denis"]
[Date "2009.10.15"]
[Round "7"]
[White "Han Yee Yu, Jerome"]
[Black "Desor, Helmut"]
[Result "1/2-1/2"]
[WhiteElo "1500"]
[BlackElo "1753"]
[PlyCount "68"]
[EventDate "2009.10.10"]
[EventType "swiss"]
[EventRounds "9"]
[EventCountry "RUF"]
[SourceTitle "CBM 132 Extra"]
[Source "ChessBase"]
[SourceDate "2009.11.03"]
[SourceVersion "1"]
[SourceVersionDate "2009.11.03"]
[SourceQuality "1"]

1. e4 d6 2. d3 Nf6 3. Nf3 g6 4. Nbd2 Bg7 5. g3 c5 6. Bg2 Nc6 7. c3 Bg4 8. h3 Bd7 9. Nb3 0-0 10. Bg5 h6 11. Be3 a5 12. Qd2 Kh7 13. h4 Ng4 14. h5 Nxe3 15. Qxe3 g5 16. Nh2 e5 17. f4 gxf4 18. gxf4 Qh4+ 19. Kd2 exf4 20. Qe2 Qe7 21. Ng4 a4 22. Nc1 Qg5 23. Bh3 f3+ 24. Qe3 Qxe3+ 25. Kxe3 Bxg4 26. Bxg4 a3 27. Rb1 axb2 28. Rxb2 Rab8 29. Rb3 Ne5 30. Bxf3 c4 31. dxc4 Nxc4+ 32. Ke2 Na5 33. Ra3 Nc4 34. Rb3 Na5 1/2-1/2

[Event "Reunion op 11th"]
[Site "St Denis"]
[Date "2009.10.11"]
[Round "2"]
[White "Firoaguer, Beatrice"]
[Black "Han Yee Yu, Jerome"]
[Result "0-1"]
[WhiteElo "1230"]
[BlackElo "1500"]
[PlyCount "72"]
[EventDate "2009.10.10"]
[EventType "swiss"]
[EventRounds "9"]
[EventCountry "RUF"]
[SourceTitle "CBM 132 Extra"]
[Source "ChessBase"]
[SourceDate "2009.11.03"]
[SourceVersion "1"]
[SourceVersionDate "2009.11.03"]
[SourceQuality "1"]

1. d4 Nf6 2. Nf3 g6 3. c4 d5 4. e3 Bg7 5. Nbd2 c5 6. Bd3 Nc6 7. e4 dxe4 8. Nxe4 Nxe4 9. Bxe4 Nxd4 10. Nxd4 Qxd4 11. Qxd4 cxd4 12. 0-0 f5 13. Bd5 Kf8 14. f4 e6 15. Bf3 Kf7 16. b4 a5 17. b5 Rb8 18. b6 Rd8 19. Bb2 Rd6 20. c5 Rd8 21. a4 Bf8 22. Rfc1 d3 23. c6 bxc6 24. Rxc6 Rxb6 25. Rxb6 Bc5+ 26. Kh1 Bxb6 27. Be5 Bd4 28. Bc7 Bxa1 29. Bxd8 Bc3 30. h4 d2 31. g4 Bb7 32. Bxb7 d1Q+ 33. Kh2 Qxd8 34. g5 Qd2+ 35. Bg2 Qxf4+ 36. Kh3 Be1 0-1

[Event "Reunion op 07th"]
[Site "Reunion"]
[Date "2004.10.09"]
[Round "1"]
[White "Payet, Alex"]
[Black "Han Yee Yu, Jerome"]
[Result "1-0"]
[WhiteElo "1960"]
[BlackElo "1250"]
[PlyCount "83"]
[EventDate "2004.10.09"]
[EventType "swiss"]
[EventRounds "9"]
[EventCountry "RUF"]
[SourceTitle "CBM 102 Extra"]
[Source "ChessBase"]
[SourceDate "2004.11.03"]
[SourceVersion "1"]
[SourceVersionDate "2004.11.03"]
[SourceQuality "1"]

1. e4 c5 2. f4 d6 3. Nf3 Nf6 4. Nc3 g6 5. Bc4 Nxe4 6. Bxf7+ Kxf7 7. Nxe4 Bg7 8. d4 Nc6 9. dxc5 dxc5 10. Qxd8 Rxd8 11. Nxc5 Kg8 12. c3 b6 13. Ne4 Bb7 14. Be3 Na5 15. Nfd2 Rd3 16. Kf2 Rf8 17. Rhe1 e5 18. g3 Bxe4 19. Nxe4 h6 20. Ke2 Rd5 21. Rad1 Rxd1 22. Rxd1 exf4 23. Bxf4 g5 24. Bc1 Nc6 25. Rd7 Rc8 26. Nd6 Ra8 27. Rc7 Nb8 28. Rc8+ Kh7 29. Ne8 Be5 30. Nc7 Bxc7 31. Rxc7+ Kg6 32. Rc8 Kf5 33. h4 Kg4 34. hxg5 hxg5 35. Kf2 a5 36. Rg8 Kf5 37. Bxg5 Ra7 38. Rxb8 Kxg5 39. Rxb6 Rf7+ 40. Kg2 Kg4 41. Rb5 Rf3 42. Rg5+ 1-0